Normal view
MARC view
Entry Personal Name
001 - CONTROL NUMBER
- control field: 1239391
003 - CONTROL NUMBER IDENTIFIER
- control field: OSt
005 - DATE AND TIME OF LATEST TRANSACTION
- control field: 20260514122514.0
008 - FIXED-LENGTH DATA ELEMENTS
- fixed length control field: 260514|| aca||aabn | a|a d
040 ## - CATALOGING SOURCE
- Original cataloging agency: OSt
- Transcribing agency: OSt
100 ## - HEADING--PERSONAL NAME
- Personal name: Pikee Saxena
670 ## - SOURCE DATA FOUND
- Source citation: Work cat.: (OSt)1851443: Verma Dr. Puja 1239389, Comparison of a Single Step-2 Hour75 Gram Glucose Challenge Test in Non Fasting State with W.H.O. GTT and Glycosylated Haemoglobin for Diagnosis of Gestational Diabetes Mellitus.
